Normal view MARC view

Entry Nombre personal

Number of records used in: 1

001 - NÚMERO DE CONTROL

  • campo de control: 111153

003 - IDENTIFICADOR DE NÚMERO DE CONTROL

  • campo de control: OSt

005 - FECHA Y HORA DE LA ÚLTIMA TRANSACCIÓN

  • campo de control: 20250409103057.0

008 - ELEMENTOS DE DATO DE LONGITUD-FIJA

  • campo de control de longitud fija: 250409|| aca||aabn | a|a d

040 ## - FUENTE DE CATALOGACIÓN

  • Centro catalogador/agencia de origen: OSt

100 ## - ENCABEZAMIENTO-NOMBRE DE PERSONA

  • Nombre de persona: Santos Fernández, Santos
  • Fechas asociadas al nombre: 1860-1935

670 ## - FUENTE DE DATOS ENCONTRADOS

  • Cita de la fuente: Castroviejo Sanz, J., "Santos Fernández Santos (1860-1935), Fotógrafo del Patrimonio Riojano". En: Brocar, 40 (2016), p. 175-197
  • Información encontrada: Santos Fernández Santos, un vallisoletano que ejerció la profesión de notario en San Millán de la Cogolla entre 1887 y 1909, ocupación que compatibilizó con su gran afición a la fotografía.

670 ## - FUENTE DE DATOS ENCONTRADOS

  • Cita de la fuente: WWW BNE 09/04/2025
  • Información encontrada: Santos Fernández, Santos. 1860-1935

Powered by Koha